000
00288nam a22001217a 4500
008
160521b xxu||||| |||| 00| 0 eng d
020
_a
9780470169612
020
_a
9780470169612
041
_a
eng
080
_a
579
245
_a
Cell and molecular biology:
_c
Gerald Karp;
942
_2
udc
_c
BK
999
_c
2337
_d
2337